000 00867nam a2200217Ia 4500
001 9241
003 GE_BSU
008 181216s||||||||xx |||||||||||||| ||und||
040 _cGE_BSU
080 _a821.353.1-32
100 _aლორთქიფანიძე,კონსტანტინე
245 _aმთას დაუბრუნდა მთიელი:ქართული სოფლის ეპოპეა
245 _cრედ.გ.ბედინგიშვილი. მხატვ.ო.ქანდარია
260 _aთბილისი
260 _bსაბჭოთა საქართველო
260 _c1981
300 _a176გვ.16სმ.
653 _aმთას დაუბრუნდა მთიელი
653 _aქართული სოფლის ეპოპეა
942 _cBK
999 _c42543
_d42543